Metropolitan studio of architecture. (Record no. 354203)

000 -LEADER
fixed length control field 00424nam a22001697a 4500
003 - CONTROL NUMBER IDENTIFIER
control field OSt
005 - DATE AND TIME OF LATEST TRANSACTION
control field 20180116192434.0
008 - FIXED-LENGTH DATA ELEMENTS--GENERAL INFORMATION
fixed length control field 160830t xxu||||| |||| 00| 0 eng d
020 ## - INTERNATIONAL STANDARD BOOK NUMBER
International Standard Book Number 9789699995019
040 ## - CATALOGING SOURCE
Transcribing agency 0
082 ## - DEWEY DECIMAL CLASSIFICATION NUMBER
Classification number 720.922
245 00 - TITLE STATEMENT
Title Metropolitan studio of architecture.
260 ## - PUBLICATION, DISTRIBUTION, ETC.
Place of publication, distribution, etc. Lahore:
Name of publisher, distributor, etc. MSA-RI;
Date of publication, distribution, etc. 2016.
300 ## - PHYSICAL DESCRIPTION
Extent 325 p.:
Other physical details ill;
Dimensions 13 cm.
650 ## - SUBJECT ADDED ENTRY--TOPICAL TERM
Topical term or geographic name entry element Architects
Chronological subdivision Biography
9 (RLIN) 8679
942 ## - ADDED ENTRY ELEMENTS (KOHA)
Source of classification or shelving scheme
Koha item type Book
Holdings
Withdrawn status Lost status Source of classification or shelving scheme Damaged status Not for loan Permanent Location Current Location Date acquired Total Checkouts Full call number Barcode Date last seen Copy number Cost, replacement price Price effective from Koha item type
          School of Art Design and Architecture (SADA) School of Art Design and Architecture (SADA) 08/26/2016   720.922 MET 2016 SADA0002601 01/05/2017 02 1000.00 01/05/2017 Book
          School of Art Design and Architecture (SADA) School of Art Design and Architecture (SADA) 08/26/2016   720.922 MET 2016 SADA0002600 01/05/2017 01 1000.00 01/05/2017 Book
© 2023 Central Library, National University of Sciences and Technology. All Rights Reserved.